Текст томруулах:    
Social indicators of development (Бичлэгийн дугаар. 146144)
000 -УДИРДЛАГА
Удирдлага 00630nam a22002297a 4500
003 - ХЯНАЛТЫН ТОО ТОДОРХОЙЛОГЧ
Код MN-UlNUM
005 - БИЧИЛТ ХИЙСЭН ОГНОО
Тухайн бичилтийг бичсэн засварласан сүүлийн огноо 20260109125456.0
008 - ЕРӨНХИЙ МЭДЭЭЛЭЛ
Ерөнхий мэдээлэл 260109s1994 nyu||||| |||| 00| 0 eng |
020 ## - ISBN
ISBN 0801847885
040 ## - БИЧЛЭГ ҮҮСГЭГЧ БАЙГУУЛЛАГА
Бичлэг үүсгэгч номын сангийн код МУИС-ийн номын сан
084 ## - ББК АНГИЛАЛ
Нэмэлт тусгалт Бусад
ББК ангилал 65.261
Зохиогчийн гурван тэмдэгт S 70
Мэдлэгийн ялгаа 65 - Эдийн засаг
245 10 - ҮНДСЭН ГАРЧИГ
Номын нэр Social indicators of development
260 ## - ГАРАЛТЫН МЭДЭЭ
Хэвлэгдсэн газар Washington, D.C. :
Хэвлэлийн газар International Bank for Reconstruction and Development, World Bank
Хэвлэгдсэн он 1994
300 ## - МАТЕРИАЛЫН ТОДОРХОЙЛОЛТ
хуудасны тоо 409p. :
500 ## - Тайлбар
Дансны дугаар БС 4910
546 ## - ХЭЛНИЙ ТУХАЙ МЭДЭЭ
Хэл Англи хэл дээр,
653 ## - Түлхүүр үг
Түлхүүр үг economic indicators
653 ## - Түлхүүр үг
Түлхүүр үг social indicators
653 ## - Түлхүүр үг
Түлхүүр үг developing countries
942 ## - ЭЛЕМЕНТИЙН ТӨРӨЛ
Зүйлийн төрөл Ном